|
|
|
|
| LEADER |
02770nam a2200697 4500 |
| 001 |
ocn779695890 |
| 003 |
OCoLC |
| 005 |
20170124071657.3 |
| 006 |
m o d |
| 007 |
cr |n||||||||| |
| 008 |
110427s2012 enk ob 001 0 eng d |
| 010 |
|
|
|z 2011017804
|
| 040 |
|
|
|a CDX
|b eng
|e pn
|c CDX
|d OCLCQ
|d E7B
|d N$T
|d CUS
|d DG1
|d YDXCP
|d OCLCQ
|d OCLCF
|d OCLCQ
|d UKDOC
|d NLGGC
|d OCLCQ
|d EBLCP
|d COO
|d OCLCQ
|d AZK
|d LOA
|d OCLCO
|d OCLCA
|d GrThAP
|
| 019 |
|
|
|a 778431569
|a 961496313
|a 962649678
|a 965994606
|
| 020 |
|
|
|a 9781444398441
|q (electronic bk.)
|
| 020 |
|
|
|a 144439844X
|q (electronic bk.)
|
| 020 |
|
|
|a 9781444398410
|q (electronic bk.)
|
| 020 |
|
|
|a 1444398415
|q (electronic bk.)
|
| 020 |
|
|
|z 9781444335910
|q (Cloth)
|
| 020 |
|
|
|z 144433591X
|q (Cloth)
|
| 024 |
8 |
|
|a 9786613408778
|
| 029 |
1 |
|
|a AU@
|b 000049903824
|
| 029 |
1 |
|
|a DKDLA
|b 820120-katalog:000600601
|
| 029 |
1 |
|
|a NZ1
|b 14976145
|
| 029 |
1 |
|
|a AU@
|b 000059222404
|
| 035 |
|
|
|a (OCoLC)779695890
|z (OCoLC)778431569
|z (OCoLC)961496313
|z (OCoLC)962649678
|z (OCoLC)965994606
|
| 037 |
|
|
|a 340877
|b MIL
|
| 050 |
|
4 |
|a RD546
|b .M375 2012eb
|
| 060 |
|
4 |
|a WI 770
|
| 072 |
|
7 |
|a HEA
|x 039010
|2 bisacsh
|
| 082 |
0 |
4 |
|a 617.5/5620592
|2 23
|
| 049 |
|
|
|a MAIN
|
| 245 |
0 |
0 |
|a Medical care of the liver transplant patient /
|c edited by Pierre-Alain Clavien, James F. Trotter ; associate editor, Beat Müllhaupt.
|
| 250 |
|
|
|a 4th ed.
|
| 264 |
|
1 |
|a Chichester, West Sussex, UK :
|b Wiley-Blackwell,
|c 2012.
|
| 300 |
|
|
|a 1 online resource
|
| 336 |
|
|
|a text
|b txt
|2 rdacontent
|
| 337 |
|
|
|a computer
|b c
|2 rdamedia
|
| 338 |
|
|
|a online resource
|b cr
|2 rdacarrier
|
| 347 |
|
|
|a data file
|2 rda
|
| 380 |
|
|
|a Bibliography
|
| 504 |
|
|
|a Includes bibliographical references and index.
|
| 505 |
0 |
|
|a pt. 1. Management of the potential transplant recipient -- pt. 2. Donor issues and management in the perioperative period -- pt. 3. Chronic problems in the transplant recipient -- pt. 4. Pediatric liver transplantation.
|
| 588 |
0 |
|
|a Print version record.
|
| 650 |
|
0 |
|a Liver
|x Transplantation.
|
| 650 |
|
0 |
|a Preoperative care.
|
| 650 |
|
0 |
|a Postoperative care.
|
| 650 |
|
2 |
|a Liver Transplantation.
|
| 650 |
|
2 |
|a Patient Selection.
|
| 650 |
|
2 |
|a Perioperative Care.
|
| 650 |
|
7 |
|a HEALTH & FITNESS
|x Diseases
|x Abdominal.
|2 bisacsh
|
| 650 |
|
7 |
|a Liver
|x Transplantation.
|2 fast
|0 (OCoLC)fst01000691
|
| 650 |
|
7 |
|a Postoperative care.
|2 fast
|0 (OCoLC)fst01073197
|
| 650 |
|
7 |
|a Preoperative care.
|2 fast
|0 (OCoLC)fst01075481
|
| 655 |
|
4 |
|a Electronic books.
|
| 655 |
|
7 |
|a Electronic books.
|2 local
|
| 700 |
1 |
|
|a Clavien, Pierre-Alain.
|
| 700 |
1 |
|
|a Trotter, James F.
|
| 776 |
0 |
8 |
|i Print version:
|z 9786613408778
|w (DLC) 2011017804
|
| 856 |
4 |
0 |
|u https://doi.org/10.1002/9781444398441
|z Full Text via HEAL-Link
|
| 994 |
|
|
|a 92
|b DG1
|